| 000 | 00338nam a22001337a 4500 | ||
|---|---|---|---|
| 020 | _a0333608895 | ||
| 040 | _cNUST | ||
| 082 |
_a808.84 _bKIT |
||
| 100 |
_aPeter J. Kitson _9125601 |
||
| 245 | _aColeridge Keats and Shelley | ||
| 260 |
_aLondon: _bMacmillan Press LTD, _c1996. |
||
| 650 | _2Coleridge Keats and Shelley | ||
| 942 |
_2ddc _cBK |
||
| 999 |
_c611333 _d611333 |
||